Landscape architecture : An illustrated history in timelines, site plans, and biography

Bibliographic Details
Main Author: MANN 1941-
Format: Book
Published: New York : J. Wiley , 1993
Subjects:

MARC

LEADER 00000cam a2200000 7i4500
001 0000000751
005 20000928.0
020 0 0 |a 0471594652 
090 0 0 |a R712   |b MAN 1993 
100 1 0 |a MANN   |h William A.   |c 1941- 
245 1 0 |a Landscape architecture :   |b An illustrated history in timelines, site plans, and biography   |c William A. Mann 
260 0 0 |a New York :   |b J. Wiley ,   |c 1993 
300 |a xiv, 461 p. :   |b ill. ;   |c 28x22 cm. 
500 0 0 |a Bibliography: [p.447-452] and index 
650 0 0 |a Landscape architecture   |x Biography 
650 0 0 |a Landscape architecture   |x Designs and plans 
650 0 0 |a Landscape architecture   |x History 
999 |a 0000000591   |b Monograph   |c Reference   |e Default branch